[Event "ITA-chT GpA 55th"]
[Site "Vasto"]
[Date "2024.04.08"]
[Round "1.8"]
[White "Maldonado Gonzales, Stefano"]
[Black "Sorbera, Giovanni"]
[Result "1-0"]
[WhiteElo "2218"]
[BlackElo "2148"]
[PlyCount "123"]
[EventDate "2024.04.08"]
[EventType "team-tourn"]
[EventRounds "7"]
[EventCountry "ITA"]
[SourceTitle "CB16_2024"]
[SourceDate "2024.04.17"]
[SourceVersion "1"]
[SourceVersionDate "2024.04.17"]
[SourceQuality "1"]
[WhiteTeam "Costa Smeralda"]
[BlackTeam "Palmascacchi Blacks"]
[WhiteTeamCountry "ITA"]
[BlackTeamCountry "ITA"]

1. e4 e5 2. Nf3 Nc6 3. Bc4 Nf6 4. d3 Bc5 5. 0-0 d6 6. c3 a6 7. a4 0-0 8. h3 h6 9. Re1 Re8 10. Nbd2 Be6 11. Bxe6 Rxe6 12. b4 Ba7 13. Bb2 Ne7 14. Nf1 Ng6 15. c4 Nf4 16. Ng3 Nh7 17. Bc1 Rf6 18. Bxf4 Rxf4 19. Nh5 Rh4 20. Ng3 g6 21. Nxh4 Qxh4 22. Qf3 h5 23. Nf1 Re8 24. Qg3 Qd8 25. Ne3 Re6 26. Rf1 Bd4 27. Rab1 Qd7 28. b5 a5 29. Kh1 Qd8 30. Nc2 Bc5 31. f4 Re8 32. Qf3 Rf8 33. Qg3 h4 34. Qg4 Nf6 35. Qxh4 Nh5 36. Qg4 exf4 37. d4 Bb6 38. Rf3 Qf6 39. Rd3 Re8 40. Re1 Ng3+ 41. Kh2 Rxe4 42. Rxe4 Nxe4 43. Rf3 g5 44. h4 Nd2 45. Rd3 Ne4 46. hxg5 Nxg5 47. Rh3 Kf8 48. Qc8+ Ke7 49. Rh8 Qg7 50. c5 dxc5 51. dxc5 Bxc5 52. Qd8+ Ke6 53. Re8+ Kf5 54. Qd5+ Kg4 55. Qxc5 f6 56. Qe7 Qh6+ 57. Kg1 Kg3 58. Qe1+ Kg4 59. Nd4 Qg6 60. Rh8 Nh7 61. Qe6+ Kh4 62. Nf3+ 1-0

[Event "Rome La Regina op 3rd"]
[Site "Rome"]
[Date "2023.07.29"]
[Round "3"]
[White "Maldonado Gonzales, Stefano"]
[Black "Calabrese, Claudio"]
[Result "1-0"]
[WhiteElo "2032"]
[BlackElo "1980"]
[PlyCount "85"]
[EventDate "2023.07.28"]
[EventType "swiss"]
[EventRounds "5"]
[EventCountry "ITA"]
[SourceTitle "CBM 215 Extra"]
[Source "ChessBase"]
[SourceDate "2023.09.30"]
[SourceVersion "1"]
[SourceVersionDate "2023.09.30"]
[SourceQuality "1"]

1. e4 e6 2. d4 d5 3. Nc3 dxe4 4. Nxe4 Nd7 5. Nf3 Ngf6 6. Nxf6+ Nxf6 7. Be3 Bd6 8. Bd3 0-0 9. Qe2 b6 10. 0-0-0 Bb7 11. Kb1 Nd5 12. Bg5 Be7 13. h4 Qd6 14. Be4 f5 15. Bxe7 Qxe7 16. Bxd5 Bxd5 17. Ne5 a6 18. f3 b5 19. Qe3 a5 20. Nd3 Qd6 21. Nc5 f4 22. Qe2 Bc4 23. Qe4 Bd5 24. Qe2 Bc4 25. Qf2 Bd5 26. Rhe1 Rf5 27. Qd2 b4 28. Nd3 Rd8 29. Re5 Rdf8 30. Rde1 Qd8 31. Qf2 Rxe5 32. Rxe5 Rf6 33. h5 Qf8 34. Qd2 Qf7 35. a3 bxa3 36. bxa3 a4 37. Qa5 Qd7 38. Nc5 Qc6 39. Qxa4 Qb6+ 40. Qb4 Qxb4+ 41. axb4 Kf7 42. b5 Rh6 43. Na6 1-0

[Event "ITA-ch sf 82nd"]
[Site "Villesse"]
[Date "2023.07.21"]
[Round "8"]
[White "Musso, Alessio"]
[Black "Maldonado Gonzales, Stefano"]
[Result "1-0"]
[WhiteElo "2131"]
[BlackElo "2032"]
[PlyCount "117"]
[EventDate "2023.07.15"]
[EventType "swiss"]
[EventRounds "9"]
[EventCountry "ITA"]
[SourceTitle "CBM 215 Extra"]
[Source "ChessBase"]
[SourceDate "2023.09.30"]
[SourceVersion "1"]
[SourceVersionDate "2023.09.30"]
[SourceQuality "1"]

1. f4 Nf6 2. Nf3 g6 3. b3 Bg7 4. Bb2 0-0 5. e3 d5 6. Be2 c5 7. 0-0 d4 8. exd4 Nd5 9. Ne5 cxd4 10. Bc4 Nc6 11. Nxc6 bxc6 12. Qf3 e6 13. c3 Bb7 14. Bxd5 dxc3 15. Bxc3 cxd5 16. Bxg7 Kxg7 17. d4 Rc8 18. Nc3 Qa5 19. Na4 Rc2 20. Nc5 Bc6 21. Rf2 Rxf2 22. Qxf2 Rc8 23. Qe3 Qc7 24. Rc1 Qd6 25. Rc3 Bd7 26. Qc1 h5 27. Nd3 Rxc3 28. Qxc3 Qc6 29. Qxc6 Bxc6 30. a4 f6 31. Nc5 Kf7 32. b4 a6 33. Nxa6 Bxa4 34. Nc5 Bb5 35. Kf2 Ke7 36. Ke3 Kd6 37. Nd3 Bc4 38. h3 Kc6 39. Nc5 Kd6 40. g3 Bf1 41. h4 Bc4 42. Nd3 Kc6 43. Nf2 Kb5 44. g4 Bf1 45. f5 exf5 46. gxf5 gxf5 47. Kf4 Kxb4 48. Nd1 Bd3 49. Ke3 Bb5 50. Nf2 Bf1 51. Nh1 Bh3 52. Nf2 Bf1 53. Nh1 Kc3 54. Ng3 f4+ 55. Kxf4 Kxd4 56. Nxf1 Kd3 57. Ng3 d4 58. Nxh5 Kd2 59. Nxf6 1-0

[Event "Bassano del Grappa Vergani Cup"]
[Site "Bassano del Grappa"]
[Date "2023.02.04"]
[Round "6"]
[White "Maldonado Gonzales, Stefano"]
[Black "Andreev, Konstantin"]
[Result "1-0"]
[WhiteElo "2092"]
[BlackElo "2186"]
[PlyCount "41"]
[EventDate "2023.02.01"]
[EventType "swiss"]
[EventRounds "9"]
[EventCountry "ITA"]
[SourceTitle "CBM 212 Extra"]
[Source "ChessBase"]
[SourceDate "2023.03.31"]
[SourceVersion "1"]
[SourceVersionDate "2023.03.31"]
[SourceQuality "1"]

1. e4 c5 2. Nf3 e6 3. d4 cxd4 4. Nxd4 Nc6 5. Nc3 Qc7 6. Be2 a6 7. 0-0 Nf6 8. Be3 Be7 9. f4 d6 10. Qe1 0-0 11. Qg3 Kh8 12. Rad1 Bd7 13. Kh1 Rad8 14. Nb3 Nb4 15. Qf2 Rc8 16. a3 Nc6 17. g4 h6 18. h4 b5 19. g5 Nh7 20. Rg1 b4 21. axb4 1-0

[Event "Bassano del Grappa Vergani Cup"]
[Site "Bassano del Grappa"]
[Date "2023.02.02"]
[Round "3"]
[White "Jacobsen, Mikkel Manosri"]
[Black "Maldonado Gonzales, Stefano"]
[Result "1-0"]
[WhiteElo "2318"]
[BlackElo "2092"]
[PlyCount "85"]
[EventDate "2023.02.01"]
[EventType "swiss"]
[EventRounds "9"]
[EventCountry "ITA"]
[SourceTitle "CBM 212 Extra"]
[Source "ChessBase"]
[SourceDate "2023.03.31"]
[SourceVersion "1"]
[SourceVersionDate "2023.03.31"]
[SourceQuality "1"]

1. d4 Nf6 2. Nf3 d5 3. Bf4 c5 4. e3 e6 5. Nbd2 Bd6 6. c3 Qc7 7. Bxd6 Qxd6 8. Ne5 Nc6 9. f4 0-0 10. Bd3 b6 11. g4 cxd4 12. exd4 Nd7 13. Rg1 Ne7 14. g5 g6 15. h4 Kg7 16. Qe2 Nxe5 17. fxe5 Qc6 18. Nf1 Nf5 19. Ne3 Bd7 20. Ng4 b5 21. Nf6 Rab8 22. a3 a5 23. Bxf5 exf5 24. h5 Be6 25. Rh1 Rh8 26. Rh4 f4 27. Qh2 Bf5 28. h6+ Kf8 29. Rxf4 b4 30. axb4 axb4 31. Qd2 b3 32. Ra5 Be6 33. Rf1 Qb6 34. Ra3 Ke7 35. Kf2 Rb7 36. Rfa1 Qc6 37. Qe2 Rc8 38. Nxh7 Bf5 39. Nf6 Qe6 40. Ra7 Rcc7 41. Ra8 Rc8 42. Rxc8 Qxc8 43. Qa6 1-0

[Event "Cattolica d'Estate op-A 2nd"]
[Site "Cattolica"]
[Date "2022.06.03"]
[Round "8"]
[White "Aslanov, Umid Fuad"]
[Black "Maldonado Gonzales, Stefano"]
[Result "1-0"]
[WhiteElo "2281"]
[BlackElo "1994"]
[PlyCount "115"]
[EventDate "2022.05.30"]
[EventType "swiss"]
[EventRounds "9"]
[EventCountry "ITA"]
[SourceTitle "EXT 2023"]
[Source "ChessBase"]
[SourceDate "2022.10.05"]
[SourceVersion "1"]
[SourceVersionDate "2022.10.05"]
[SourceQuality "1"]

1. e4 e5 2. Nf3 Nc6 3. Bc4 Bc5 4. 0-0 Nf6 5. d3 d6 6. c3 a6 7. a4 Ba7 8. Bb3 h6 9. Nbd2 0-0 10. h3 Re8 11. Re1 Be6 12. Bc2 d5 13. Qe2 Qd7 14. Nf1 b5 15. Nh4 Qd8 16. Ne3 Ne7 17. Qf3 Ng6 18. Nxg6 fxg6 19. exd5 Nxd5 20. Nxd5 Bxd5 21. Qg3 Qf6 22. Be3 c5 23. axb5 axb5 24. b4 Bb8 25. Bb3 c4 26. Rxa8 Bxa8 27. dxc4 e4 28. cxb5+ Kh7 29. Bd4 Qd8 30. Qg4 h5 31. Qd1 Qc7 32. g3 e3 33. Rxe3 Qb7 34. f3 Rxe3 35. Bxe3 Bxg3 36. Qd8 Qb8 37. Qxb8 Bxb8 38. Kf2 g5 39. Bxg5 Kg6 40. Be3 Kf5 41. c4 Ke5 42. c5 g6 43. c6 h4 44. Bg5 Kd4 45. Bxh4 Kc3 46. Bd5 Bc7 47. Be7 Kd4 48. Be4 Kc4 49. Bc5 Kxb5 50. Bd3+ Ka4 51. b5 Ka5 52. h4 Bf4 53. Kg2 Ka4 54. Bc4 Bd2 55. Kh3 Ka5 56. Kg4 Bb4 57. Bxb4+ Kxb4 58. Be2 1-0

[Event "Cattolica d'Estate op-A 2nd"]
[Site "Cattolica"]
[Date "2022.06.02"]
[Round "6"]
[White "Kanyamarala, Trisha"]
[Black "Maldonado Gonzales, Stefano"]
[Result "0-1"]
[WhiteElo "2127"]
[BlackElo "1994"]
[PlyCount "126"]
[EventDate "2022.05.30"]
[EventType "swiss"]
[EventRounds "9"]
[EventCountry "ITA"]
[SourceTitle "EXT 2023"]
[Source "ChessBase"]
[SourceDate "2022.10.05"]
[SourceVersion "1"]
[SourceVersionDate "2022.10.05"]
[SourceQuality "1"]

1. d4 Nf6 2. c4 e6 3. Nc3 d5 4. Bf4 dxc4 5. e3 a6 6. a4 c5 7. Bxc4 cxd4 8. exd4 Nc6 9. Nf3 Nb4 10. 0-0 Be7 11. a5 0-0 12. Ne5 Bd7 13. Re1 Rc8 14. Bb3 Bc6 15. Nc4 Nbd5 16. Bd2 Bd6 17. Ne5 Nxc3 18. bxc3 Bxe5 19. Rxe5 Be4 20. Bg5 Bg6 21. Qf3 Qc7 22. c4 Nd7 23. Ree1 e5 24. Ba4 exd4 25. Re7 Qxa5 26. Rxd7 Qxg5 27. Rxd4 Rc7 28. h4 Qh5 29. Qf4 Rc5 30. Re1 h6 31. Bd1 Qf5 32. Qd6 Qc8 33. Ba4 Bf5 34. g4 Bxg4 35. Rde4 b5 36. cxb5 axb5 37. Bb3 Rc1 38. Qf4 Rxe1+ 39. Rxe1 Bd7 40. Re7 Be8 41. h5 Qa8 42. Kh2 Qc6 43. Kg1 g5 44. Qe3 Bd7 45. Kh2 Qd6+ 46. Kg1 Bc6 47. Bc2 Ra8 48. Bb1 Ra1 49. Re8+ Bxe8 50. Qxe8+ Kg7 51. Qe4 Qd1+ 52. Kh2 Rxb1 53. Qe5+ Kf8 54. Qb8+ Ke7 55. Qc7+ Qd7 56. Qe5+ Qe6 57. Qc7+ Kf6 58. Qd8+ Qe7 59. Qh8+ Ke6 60. Qc8+ Qd7 61. Qc2 Qd6+ 62. Kg2 Qd5+ 63. f3 Rd1 0-1